MARC details
| 000 -LEADER |
| fixed length control field |
01807cam a2200469 4500 |
| 001 - CONTROL NUMBER |
| control field |
ABS67374 |
| 008 - FIXED-LENGTH DATA ELEMENTS--GENERAL INFORMATION |
| fixed length control field |
031219n2003 000 0 eng u |
| 035 ## - SYSTEM CONTROL NUMBER |
| System control number |
(Sirsi) u124654 |
| 100 ## - MAIN ENTRY--PERSONAL NAME |
| Personal name |
Murdoch, S. |
| 245 ## - TITLE STATEMENT |
| Title |
Highlights of the year |
| 260 ## - PUBLICATION, DISTRIBUTION, ETC. |
| Date of publication, distribution, etc. |
2003 |
| 490 ## - SERIES STATEMENT |
| Series statement |
Estates Gazette |
| Volume/sequential designation |
(0350) 13 December 2003, 90-91(2) |
| 520 ## - SUMMARY, ETC. |
| Summary, etc. |
A round up of recent case law concerning professional liability. landowners' responsibilities, Landlord and Tenant Act 1954, rent reviews and property management issues. |
| 590 ## - LOCAL NOTE (RLIN) |
| Local note |
ABS |
| 650 ## - SUBJECT ADDED ENTRY--TOPICAL TERM |
| Topical term or geographic name entry element |
PROFESSIONAL LIABILITY |
| 650 ## - SUBJECT ADDED ENTRY--TOPICAL TERM |
| Topical term or geographic name entry element |
LANDOWNERS |
| 650 ## - SUBJECT ADDED ENTRY--TOPICAL TERM |
| Topical term or geographic name entry element |
LANDLORD AND TENANT ACT 1954 |
| 650 ## - SUBJECT ADDED ENTRY--TOPICAL TERM |
| Topical term or geographic name entry element |
RENT REVIEWS |
| 650 ## - SUBJECT ADDED ENTRY--TOPICAL TERM |
| Topical term or geographic name entry element |
Property management |
| 9 (RLIN) |
6262 |
| 650 ## - SUBJECT ADDED ENTRY--TOPICAL TERM |
| Topical term or geographic name entry element |
RAJA V AUSTIN GRAY |
| 650 ## - SUBJECT ADDED ENTRY--TOPICAL TERM |
| Topical term or geographic name entry element |
MERRETT V BABB |
| 650 ## - SUBJECT ADDED ENTRY--TOPICAL TERM |
| Topical term or geographic name entry element |
BRADFORD AND BINGLEY PLC V HAYES DUNPHY AND HAYES LTD |
| 650 ## - SUBJECT ADDED ENTRY--TOPICAL TERM |
| Topical term or geographic name entry element |
LLOYDS TSB BANK PLC V EDWARD SYMMONS AND PARTNERS |
| 650 ## - SUBJECT ADDED ENTRY--TOPICAL TERM |
| Topical term or geographic name entry element |
JOHN D WOOD AND CO (RESIDENTIAL AND AGRICULTURAL) LTD V KNATCHBULL |
| 650 ## - SUBJECT ADDED ENTRY--TOPICAL TERM |
| Topical term or geographic name entry element |
JOHNSON V B J W PROPERTY DEVELOPMENT LTD |
| 650 ## - SUBJECT ADDED ENTRY--TOPICAL TERM |
| Topical term or geographic name entry element |
ABBAHALL LTD V SMEE |
| 650 ## - SUBJECT ADDED ENTRY--TOPICAL TERM |
| Topical term or geographic name entry element |
SHAWS (EAL) LTD V PENNYCOOK |
| 650 ## - SUBJECT ADDED ENTRY--TOPICAL TERM |
| Topical term or geographic name entry element |
MARAZZI AND ANOTHER V GLOBAL GRANGE LTD |
| 650 ## - SUBJECT ADDED ENTRY--TOPICAL TERM |
| Topical term or geographic name entry element |
IVORY GROVE LTD V GLOBAL GRANGE LTD |
| 650 ## - SUBJECT ADDED ENTRY--TOPICAL TERM |
| Topical term or geographic name entry element |
ZARVOS V PRADHAN |
| 650 ## - SUBJECT ADDED ENTRY--TOPICAL TERM |
| Topical term or geographic name entry element |
BEEGAS NOMINEES LTD V DECCO LTD |
| 650 ## - SUBJECT ADDED ENTRY--TOPICAL TERM |
| Topical term or geographic name entry element |
CANARY WHARF INVESTMENTS V TELEGRAPH GROUP LTD |
| 650 ## - SUBJECT ADDED ENTRY--TOPICAL TERM |
| Topical term or geographic name entry element |
CHECKPOINT LTD V STRATHCLYDE PENSION FUND |
| 650 ## - SUBJECT ADDED ENTRY--TOPICAL TERM |
| Topical term or geographic name entry element |
GUARDCLIFFE PROPERTIES LTD V CITY AND ST JAMES |
| 650 ## - SUBJECT ADDED ENTRY--TOPICAL TERM |
| Topical term or geographic name entry element |
GO WEST LTD V SPIGAROLO AND ANOTHER |
| 650 ## - SUBJECT ADDED ENTRY--TOPICAL TERM |
| Topical term or geographic name entry element |
COLTRANE V DAY |
| 650 ## - SUBJECT ADDED ENTRY--TOPICAL TERM |
| Topical term or geographic name entry element |
GOLDMILE PROPERTIES LTD V SPEIRO LECHOURITIS |
| 650 ## - SUBJECT ADDED ENTRY--TOPICAL TERM |
| Topical term or geographic name entry element |
WILLIAMS AND ANOTHER V KILEY (T/A CK SUPERMARKETS LTD) |
| 690 ## - LOCAL SUBJECT ADDED ENTRY--TOPICAL TERM (OCLC, RLIN) |
| Topical term or geographic name as entry element |
PROPERTY AND LAND LAW-CASE LAW |
| 700 ## - ADDED ENTRY--PERSONAL NAME |
| Personal name |
Murdoch, J. |
| 942 ## - ADDED ENTRY ELEMENTS (KOHA) |
| Suppress in OPAC |
0 |